00321nam a22001217a 4500003000400000008004100004020001800045082001700063100001700080245004600097260004600143300001000189OSt240828b |||||||| |||| 00| 0 eng d a9788121289825 a954.01 bOLA aOLDENBERG, H aAncient India: its language and religions aNew Delhi:bGyan Publishing House,c2023. a110p.